| 000 | 00522nam a22001697a 4500 | ||
|---|---|---|---|
| 003 | SISC | ||
| 005 | 20160224083337.0 | ||
| 008 | 140111b xxu||||| |||| 00| 0 eng d | ||
| 050 |
_aQA 99 _b.M38 1994 |
||
| 100 |
_a Azzolino, Aggie _930555 |
||
| 245 |
_aMathematics and Humor _cAggie Azzolino- Linsa Silver- Barnabas Hughes |
||
| 260 |
_aUnited States of America _bThe National Council of Teachers of mathematics _c1994 |
||
| 300 |
_a57 p. ; _bill. : _c22 cm. |
||
| 650 |
_amath _921898 |
||
| 942 |
_2lcc _cBK |
||
| 999 |
_c39811 _d39811 |
||